[Event "IECC Swiss email"]
[Site "IECC email"]
[Date "1999.02.27"]
[Round "?"]
[White "Azam, Rizal"]
[Black "Castillo, German"]
[Result "0-1"]
[WhiteElo "1596"]
[BlackElo "1981"]
[PlyCount "44"]
[EventDate "1999.??.??"]
[EventType "tourn (corr)"]
[EventRounds "6"]
[SourceTitle "Corr 2008"]
[Source "ChessBase"]
[SourceDate "2008.06.24"]
[SourceVersion "1"]
[SourceVersionDate "2008.06.24"]
[SourceQuality "1"]

1. d4 Nf6 2. c4 e6 3. Nf3 d5 4. Nc3 Be7 5. Bf4 0-0 6. e3 c5 7. dxc5 Bxc5 8. Qc2 Nc6 9. a3 Qa5 10. 0-0-0 Be7 11. h4 Rd8 12. h5 h6 13. g4 Nxg4 14. Bh3 Nf6 15. Rdg1 Kh8 16. e4 dxc4 17. e5 Nd5 18. Ng5 Bxg5 19. Bxg5 hxg5 20. Rxg5 Nd4 21. h6 g6 22. Qxg6 fxg6 0-1

[Event "IECC Swiss email"]
[Site "IECC email"]
[Date "1999.01.17"]
[Round "?"]
[White "Isigkeit, Hans Juergen"]
[Black "Azam, Rizal"]
[Result "1/2-1/2"]
[WhiteElo "1957"]
[BlackElo "1583"]
[PlyCount "55"]
[EventDate "1999.??.??"]
[EventType "tourn (corr)"]
[EventRounds "6"]
[SourceTitle "Corr 2008"]
[Source "ChessBase"]
[SourceDate "2008.06.24"]
[SourceVersion "1"]
[SourceVersionDate "2008.06.24"]
[SourceQuality "1"]

1. d4 d5 2. c4 dxc4 3. e3 e5 4. Bxc4 exd4 5. exd4 Bb4+ 6. Nc3 Nf6 7. Nge2 0-0 8. Bg5 Bg4 9. f3 Bf5 10. 0-0 Be7 11. Qb3 b6 12. Qb5 Bd7 13. Qe5 Nc6 14. Qf4 Nh5 15. Bxe7 Nxf4 16. Bxd8 Nxe2+ 17. Nxe2 Raxd8 18. Rac1 Rfe8 19. Rfe1 Na5 20. Bd3 c6 21. Be4 f5 22. Bd3 Nb7 23. Bc4+ Kf8 24. Nf4 Rxe1+ 25. Rxe1 g6 26. d5 cxd5 27. Bxd5 Nc5 28. b4 1/2-1/2

[Event "IECC Swiss email"]
[Site "IECC email"]
[Date "1998.11.27"]
[Round "2"]
[White "Kanios, Michal"]
[Black "Azam, Rizal"]
[Result "1/2-1/2"]
[WhiteElo "1183"]
[BlackElo "1613"]
[PlyCount "51"]
[EventDate "1998.??.??"]
[EventType "tourn (corr)"]
[EventRounds "6"]
[SourceTitle "Corr 2008"]
[Source "ChessBase"]
[SourceDate "2008.06.24"]
[SourceVersion "1"]
[SourceVersionDate "2008.06.24"]
[SourceQuality "1"]

1. d4 d5 2. c4 dxc4 3. Nf3 Nf6 4. Nc3 c6 5. e4 b5 6. Be2 b4 7. e5 bxc3 8. exf6 gxf6 9. bxc3 Qa5 10. 0-0 h5 11. Bf4 Qf5 12. Bxb8 Rxb8 13. Qa4 Rg8 14. Qxc6+ Bd7 15. Qxc4 Qh3 16. g3 Rc8 17. Qb3 e6 18. Ba6 Rd8 19. c4 Bd6 20. Rfb1 h4 21. Bb7 hxg3 22. fxg3 Bxg3 23. hxg3 Qxg3+ 24. Kf1 Qg2+ 25. Ke1 Rh8 26. Nh4 1/2-1/2

[Event "IECC CL4-1998.31"]
[Site "IECC email"]
[Date "1998.10.15"]
[Round "?"]
[White "Cousins, Eddie"]
[Black "Azam, Rizal"]
[Result "1-0"]
[WhiteElo "1822"]
[BlackElo "1610"]
[PlyCount "51"]
[EventDate "1998.??.??"]
[EventType "tourn (corr)"]
[EventRounds "4"]
[SourceTitle "Corr 2008"]
[Source "ChessBase"]
[SourceDate "2008.06.24"]
[SourceVersion "1"]
[SourceVersionDate "2008.06.24"]
[SourceQuality "1"]

1. e4 e5 2. Nf3 Nc6 3. Nc3 Nf6 4. Bb5 Bb4 5. 0-0 0-0 6. d3 d6 7. Bg5 Bxc3 8. bxc3 Qe7 9. Re1 Nd8 10. d4 Ne6 11. Bc1 Rd8 12. Nh4 Nf8 13. Bf1 c5 14. Rb1 b6 15. Nf5 Qb7 16. Ng3 d5 17. Bg5 Bg4 18. f3 Be6 19. dxe5 h6 20. Bxf6 gxf6 21. Qc1 Kh7 22. exd5 Bd7 23. Bd3+ Ng6 24. e6 fxe6 25. dxe6 Bc6 26. Nf5 1-0

[Event "IECG CP.1998.P.00058"]
[Site "IECG email"]
[Date "1998.10.01"]
[Round "?"]
[White "Azam, Rizal"]
[Black "Dziedzina, Michael"]
[Result "0-1"]
[WhiteElo "1600"]
[BlackElo "1700"]
[PlyCount "68"]
[EventDate "1998.10.01"]
[EventType "tourn (corr)"]
[EventRounds "6"]
[EventCountry "USA"]
[SourceTitle "Corr 2008"]
[Source "ChessBase"]
[SourceDate "2008.06.24"]
[SourceVersion "1"]
[SourceVersionDate "2008.06.24"]
[SourceQuality "1"]

1. d4 Nf6 2. c4 c5 3. d5 e6 4. Nc3 exd5 5. cxd5 d6 6. Nf3 g6 7. h3 Bg7 8. e4 0-0 9. Bd3 Re8 10. 0-0 a6 11. a4 Nbd7 12. Re1 Ne5 13. Nh2 Qa5 14. Bf1 b5 15. Bd2 b4 16. f4 Ned7 17. e5 dxe5 18. fxe5 Rxe5 19. Rxe5 Nxe5 20. Bf4 Ned7 21. Ne2 c4 22. Qc1 Nxd5 23. Bh6 Qc5+ 24. Kh1 Ne5 25. Bxg7 Kxg7 26. Nf4 Ne3 27. Qd2 Nf5 28. Nf3 Nxf3 29. gxf3 Bb7 30. Bg2 Re8 31. Rc1 Re3 32. Qd7 Bc6 33. Qc8 Rxf3 34. Qxa6 Qe3 0-1

[Event "IECG CP.1998.P.00058"]
[Site "IECG email"]
[Date "1998.10.01"]
[Round "?"]
[White "Azam, Rizal"]
[Black "Oestergaard, Allan"]
[Result "1/2-1/2"]
[WhiteElo "1600"]
[BlackElo "1850"]
[PlyCount "84"]
[EventDate "1998.10.01"]
[EventType "tourn (corr)"]
[EventRounds "6"]
[EventCountry "USA"]
[SourceTitle "Corr 2008"]
[Source "ChessBase"]
[SourceDate "2008.06.24"]
[SourceVersion "1"]
[SourceVersionDate "2008.06.24"]
[SourceQuality "1"]

1. d4 d6 2. c4 g6 3. Nc3 Bg7 4. e4 e5 5. d5 Nd7 6. Nf3 Ne7 7. Be2 a5 8. h4 Nf6 9. Be3 0-0 10. Qd2 h5 11. Ng5 Ng4 12. Bxg4 Bxg4 13. f3 Bd7 14. Qe2 Qc8 15. Rc1 f6 16. Nh3 b6 17. Nf2 f5 18. Bg5 Bf6 19. Bxf6 Rxf6 20. exf5 Nxf5 21. Nfe4 Rf7 22. Kd2 a4 23. Qd3 Qf8 24. Ng5 Qh6 25. Nce4 Nd4 26. Kc3 Rff8 27. Rcg1 b5 28. c5 b4+ 29. Kd2 Bb5 30. Qe3 dxc5 31. Ne6 Qxe3+ 32. Kxe3 Nxe6 33. dxe6 a3 34. b3 c4 35. g4 Rad8 36. gxh5 Rd3+ 37. Ke2 Rfxf3 38. Rxg6+ Kf8 39. h6 Rfe3+ 40. Kf2 Rxe4 41. h7 Rf4+ 42. Ke2 Re4+ 1/2-1/2

[Event "IECG CP.1998.P.00058"]
[Site "IECG email"]
[Date "1998.10.01"]
[Round "?"]
[White "Olsen, Torben"]
[Black "Azam, Rizal"]
[Result "1/2-1/2"]
[WhiteElo "800"]
[BlackElo "1600"]
[PlyCount "90"]
[EventDate "1998.10.01"]
[EventType "tourn (corr)"]
[EventRounds "6"]
[EventCountry "USA"]
[SourceTitle "Corr 2008"]
[Source "ChessBase"]
[SourceDate "2008.06.24"]
[SourceVersion "1"]
[SourceVersionDate "2008.06.24"]
[SourceQuality "1"]

1. c4 Nf6 2. Nc3 e6 3. e4 d6 4. d4 Nc6 5. Be3 Be7 6. f3 0-0 7. Bd3 Re8 8. Nge2 Nh5 9. Qd2 f5 10. 0-0-0 f4 11. Bf2 a5 12. g4 Nf6 13. Nxf4 e5 14. Nfe2 Nb4 15. Kb1 c6 16. Be3 a4 17. h4 Nd7 18. g5 exd4 19. Nxd4 Nxd3 20. Qxd3 Ne5 21. Qe2 Qa5 22. Nc2 Rf8 23. Rdf1 Be6 24. Na3 Qb4 25. Nc2 Qxc4 26. Nd4 Qxe2 27. Ncxe2 Bc4 28. Rf2 Bd3+ 29. Ka1 Nxf3 30. Nf5 Rae8 31. Rxf3 Bxe2 32. Rf4 c5 33. Rh2 Bh5 34. Rhf2 Bf7 35. Rd2 Bg6 36. Nxe7+ Rxe7 37. Rxf8+ Kxf8 38. Rxd6 Rxe4 39. Bxc5 Ke8 40. b3 Rxh4 41. Re6+ Kd7 42. Rd6+ Kc7 43. Rd4 Rxd4 44. Bxd4 axb3 45. Bxg7 bxa2 1/2-1/2

[Event "IECC Swiss email"]
[Site "IECC email"]
[Date "1998.09.25"]
[Round "?"]
[White "Azam, Rizal"]
[Black "Cornacchini, Gabriele"]
[Result "1/2-1/2"]
[WhiteElo "1603"]
[BlackElo "1465"]
[PlyCount "48"]
[EventDate "1998.??.??"]
[EventType "tourn (corr)"]
[EventRounds "6"]
[SourceTitle "Corr 2008"]
[Source "ChessBase"]
[SourceDate "2008.06.24"]
[SourceVersion "1"]
[SourceVersionDate "2008.06.24"]
[SourceQuality "1"]

1. d4 Nf6 2. c4 c5 3. d5 b5 4. Nf3 g6 5. Qc2 Bg7 6. e4 d6 7. cxb5 a6 8. Nc3 Nbd7 9. bxa6 Bxa6 10. Bxa6 Rxa6 11. 0-0 0-0 12. Bd2 Qa8 13. h3 Rb8 14. Nh2 Qb7 15. b3 h5 16. Rab1 Rba8 17. Nf3 Ne8 18. Bg5 Bxc3 19. Qxc3 f6 20. Be3 Rxa2 21. Nh2 Nc7 22. Rb2 Nb5 23. Qd2 Rxb2 24. Qxb2 Nd4 1/2-1/2

[Event "IECC Swiss email"]
[Site "IECC email"]
[Date "1998.08.16"]
[Round "?"]
[White "Azam, Rizal"]
[Black "Arnold, Lee"]
[Result "1-0"]
[WhiteElo "1597"]
[BlackElo "1239"]
[PlyCount "103"]
[EventDate "1998.??.??"]
[EventType "tourn (corr)"]
[EventRounds "6"]
[SourceTitle "Corr 2008"]
[Source "ChessBase"]
[SourceDate "2008.06.24"]
[SourceVersion "1"]
[SourceVersionDate "2008.06.24"]
[SourceQuality "1"]

1. d4 c6 2. c4 d5 3. Nf3 Nf6 4. Nc3 Qb6 5. e3 Be6 6. Qa4 Qa6 7. Ng5 Qxa4 8. Nxa4 Bf5 9. cxd5 Nxd5 10. e4 Nb4 11. exf5 Nc2+ 12. Kd1 Nxa1 13. Bc4 e6 14. fxe6 fxe6 15. Nxe6 Kd7 16. Nac5+ Kc8 17. Re1 b6 18. Bf4 bxc5 19. Nc7 Kb7 20. Nxa8 cxd4 21. Re8 Bd6 22. Rxh8 Bxf4 23. g3 Bh6 24. f4 Kxa8 25. Kc1 Kb7 26. Kb1 Nd7 27. Kxa1 Nf6 28. b4 g6 29. Rd8 Kc7 30. Rxd4 Bg7 31. Kb1 Nd5 32. Rd2 Nxb4 33. Be6 Nd5 34. Bxd5 cxd5 35. Rxd5 Kc6 36. Rd2 Bh8 37. Kc2 Bf6 38. Kd3 Kd5 39. Ke3+ Kc6 40. Ke4 Be7 41. Ke5 Bb4 42. Rc2+ Kb6 43. Kf6 Bf8 44. Kf7 Bd6 45. Kg7 h5 46. Kxg6 h4 47. Kf5 hxg3 48. hxg3 Bc5 49. Rxc5 Kxc5 50. g4 Kd6 51. Kf6 Kd7 52. Kf7 1-0

[Event "IECC Trio 560 email"]
[Site "IECC email"]
[Date "1998.06.09"]
[Round "?"]
[White "Azam, Rizal"]
[Black "Houk, Joshua"]
[Result "1-0"]
[WhiteElo "1585"]
[BlackElo "1503"]
[PlyCount "39"]
[EventDate "1998.??.??"]
[EventType "tourn (corr)"]
[EventRounds "4"]
[SourceTitle "Corr 2008"]
[Source "ChessBase"]
[SourceDate "2008.06.24"]
[SourceVersion "1"]
[SourceVersionDate "2008.06.24"]
[SourceQuality "1"]

1. d4 Nf6 2. c4 g6 3. Nc3 d5 4. cxd5 Nxd5 5. e4 Nxc3 6. bxc3 Bg7 7. Bc4 c5 8. Ne2 0-0 9. 0-0 Nc6 10. Be3 Bg4 11. f3 Na5 12. Bd3 cxd4 13. cxd4 Be6 14. d5 Bxa1 15. Qxa1 f6 16. Rb1 Bd7 17. e5 Bc6 18. Bh6 Rf7 19. e6 Rg7 20. dxc6 1-0

[Event "IECC Trio 560 email"]
[Site "IECC email"]
[Date "1998.06.09"]
[Round "?"]
[White "Houk, Joshua"]
[Black "Azam, Rizal"]
[Result "0-1"]
[WhiteElo "1503"]
[BlackElo "1585"]
[PlyCount "36"]
[EventDate "1998.??.??"]
[EventType "tourn (corr)"]
[EventRounds "4"]
[SourceTitle "Corr 2008"]
[Source "ChessBase"]
[SourceDate "2008.06.24"]
[SourceVersion "1"]
[SourceVersionDate "2008.06.24"]
[SourceQuality "1"]

1. d4 d5 2. c4 dxc4 3. e4 e5 4. Nf3 Bb4+ 5. Nc3 exd4 6. Nxd4 Qe7 7. Bxc4 Bxc3+ 8. bxc3 Qxe4+ 9. Kf1 Nc6 10. Qa4 Bd7 11. Qb3 0-0-0 12. Bxf7 Qd3+ 13. Kg1 Na5 14. Qc2 Qxc2 15. Nxc2 Nf6 16. Ba3 Nc6 17. Re1 Bf5 18. Ne3 Rd7 0-1